| 000 | 00949nam a22002891i 4500 | ||
|---|---|---|---|
| 005 | 20200812124917.0 | ||
| 008 | 200811s2018 ii a j 000 1 tam d | ||
| 020 |
_cRM 11.20 _qpaperback _a9789388126250 |
||
| 040 |
_aPPAK _beng _cPPAK _erda |
||
| 082 | 0 | 4 |
_223 _a894.8113 |
| 090 | 0 | 0 |
_a894.8113 _bVAA _dK |
| 100 | 1 | 0 |
_6880-01 _aVaamukomu _eauthor. |
| 245 | 1 | 0 |
_6880-02 _aEN PEYAR RAJA = _bMy name is Raja / _cVaamukomu |
| 246 | 3 | _aEṉ peyar rājā | |
| 250 | _aFirst Edition | ||
| 264 | 1 |
_aChennai, India : _bBooks For Children , _c©2018 |
|
| 300 |
_a48 pages : _billustration(black and white) ; _c22 cm. |
||
| 336 |
_2rdacontent _atext |
||
| 337 |
_2rdamedia _aunmediated |
||
| 338 |
_2rdacarrier _avolume |
||
| 546 | _aIn Tamil. | ||
| 650 | 1 | 0 | _aChildren's stories, Tamil. |
| 655 | 0 | _aTamil fiction. | |
| 880 | 1 |
_6100-01 _aவா.மு.கோமு _eauthor. |
|
| 880 | 1 |
_6245-02 _aஎன் பெயர் ராஜா |
|
| 942 |
_2ddc _cB |
||
| 999 |
_c178609 _d178608 |
||